Vegetables/ (Record no. 190549)

MARC details
000 -LEADER
fixed length control field 00567nam a22001817a 4500
005 - DATE AND TIME OF LATEST TRANSACTION
control field 20220727152017.0
010 ## - LCCN (DPL NO)
LC control number ENG-134060
020 ## - INTERNATIONAL STANDARD BOOK NUMBER
International Standard Book Number 9788123716770
Terms of availability 130.00
035 ## - SYSTEM CONTROL NUMBER
System control number EN-117592
037 ## - SOURCE OF ACQUISITION
Source of stock number/acquisition DBAB/PUB
082 ## - DEWEY DECIMAL CLASSIFICATION NUMBER
Classification number 581.464
100 ## - MAIN ENTRY--PERSONAL NAME
Personal name Choudhury,Bishwajit
245 ## - TITLE STATEMENT
Title Vegetables/
Statement of responsibility, etc by Bishwajit Choudhury
260 ## - PUBLICATION, DISTRIBUTION, ETC. (IMPRINT)
Place of publication, distribution, etc New Delhi
Name of publisher, distributor, etc National Book Trust,India
Date of publication, distribution, etc 2015
270 ## - ADDRESS
Address Nehru Bhawan,5 Institutional Area,Phase-II Vasant Kunj,
City New Delhi
Postal code 110070
300 ## - PHYSICAL DESCRIPTION
Extent vii;230p.:
Dimensions 22cm(pbk)
Other physical details ill.
942 ## - ADDED ENTRY ELEMENTS (KOHA)
Source of classification or shelving scheme Dewey Decimal Classification
Item type English Books
Call number suffix CHO
Classification part 581.464
Holdings
Withdrawn status Lost status Not for loan Collection code Home library Current library Date acquired Source of acquisition Cost, normal purchase price Full call number Barcode Copy number Cost, replacement price Koha item type
      Non-fiction Bawana Bawana 27/07/2022 DBAD/PUB 130.00 581.464 CHO EN-117592 1 130.00 English Books

© Delhi Public Library
Hit Counter
free hit counter